TV Show Couples Quiz Stats

 Plays Quiz Updated Feb 28, 2018

Challenge
Share
Tweet
Embed
Score 0/30 Timer 06:00
0 Plays Today
% Correct
The Simpsons
97.1%
Friends
96.6%
Buffy the Vampire Slayer
95.5%
The Addams Family
87.9%
I Love Lucy
87.9%
Sex and the City
85.7%
Family Guy
83.9%
How I Met Your Mother
81.5%
The Big Bang Theory
78.9%
Veronica Mars
73.4%
Cheers
71.8%
The Office
71.5%
Full House
71%
The Cosby Show
70.3%
Breaking Bad
69.4%
% Correct
Modern Family
68.7%
Scrubs
66.6%
The Wonder Years
65.9%
Gilmore Girls
65.5%
Grey's Anatomy
64.8%
Beverly Hills, 90210
63.6%
Dawson's Creek
58.1%
Gossip Girl
52.2%
Dallas
51.1%
House, M.D.
49.3%
The O.C.
49%
Moonlighting
44.9%
Bones
44.3%
The Dick Van Dyke Show
43.4%
Supernatural
36.9%

You're not logged in!

Compare scores with friends on all Sporcle quizzes.
Join for Free
OR
Log In

You Might Also Like...

Show Comments

Extras

Top Quizzes Today


Score Distribution

Your Account Isn't Verified!

In order to create a playlist on Sporcle, you need to verify the email address you used during registration. Go to your Sporcle Settings to finish the process.

Report this User

Report this user for behavior that violates our Community Guidelines.

Details: